Southville International School and Colleges
Your cart is empty.
  • Cart
  • Lists
    Public lists Eva Luna New books Lux_list list_1
    Your lists Log in to create your own lists
  • Log in to your account
  • Your cookies
  • Search history
Southville International School and Colleges
  • Advanced search
  • Recent comments
  • Most popular
  • Libraries

Log in to your account

Log in with GOOGLE


If you do not have an external account, but do have a local account, you can still log in:

  1. Home
  2. MARC view: Through my eyes /
Normal view MARC view ISBD view

Through my eyes / (Record no. 114468)

[ view plain ]
MARC details
000 -LEADER
fixed length control field 00684nam a2200169 a 4500
005 - DATE AND TIME OF LATEST TRANSACTION
control field 20140414132101.0
008 - FIXED-LENGTH DATA ELEMENTS--GENERAL INFORMATION
fixed length control field 100717s19uu xx 00 eng d
050 ## - LIBRARY OF CONGRESS CALL NUMBER
Classification number M 379.2
Item number B76 1999
100 ## - MAIN ENTRY--PERSONAL NAME
Personal name Bridges, Ruby
245 ## - TITLE STATEMENT
Title Through my eyes /
Statement of responsibility, etc Ruby Bridges ; articles and interviews compiled and edited by Margo Lundell.
250 ## - EDITION STATEMENT
Edition statement 1st ed
260 ## - PUBLICATION, DISTRIBUTION, ETC. (IMPRINT)
Place of publication, distribution, etc New York :
Name of publisher, distributor, etc Scholastic,
Date of publication, distribution, etc 1999.
520 ## - SUMMARY, ETC.
Summary, etc Ruby Bridges recounts the story of her involvement, as a six-year-old, in the integration of her school in New Orleans in 1960.
650 ## - SUBJECT ADDED ENTRY--TOPICAL TERM
Topical term or geographic name as entry element Bridges, Ruby
General subdivision Juvenile literature.
650 ## - SUBJECT ADDED ENTRY--TOPICAL TERM
Topical term or geographic name as entry element School integration
General subdivision Louisiana, New Orleans
-- Juvenile literature.
Holdings
Withdrawn status Lost status Damaged status Home library Current library Shelving location Date acquired Source of acquisition Total Checkouts Full call number Barcode Date last seen Price effective from Koha item type
      Munich Library Munich Library Main Section 07/17/2010     M 379.2 B76 1999 M6307 04/14/2014 04/14/2014 Books

Through my eyes /

APA

Bridges R., . (1999). Through my eyes. New York: Scholastic.

Chicago

Bridges Ruby, . 1999. Through my eyes. New York: Scholastic.

Harvard

Bridges R., . (1999). Through my eyes. New York: Scholastic.

MLA

Bridges Ruby, . Through my eyes. New York: Scholastic. 1999.

  • Place hold
  • Print
  • Cite
  • Add to your cart (remove)
  • Save record
    BIBTEX Dublin Core MARCXML MARC (non-Unicode/MARC-8) MARC (Unicode/UTF-8) MARC (Unicode/UTF-8, Standard) MODS (XML) RIS
  • More searches
    Search for this title in:
    Other Libraries (WorldCat) Other Databases (Google Scholar) Online Stores (Bookfinder.com) Open Library (openlibrary.org)

Exporting to Dublin Core...

SOUTHVILLE LIBRARY

Southville International School and Colleges Library

1281 Tropical Ave. Cor. Luxembourg St., BF Homes International, Las Pinas City

Tel. No. 8256374 / 252358 Loc. 117/146

Powered by Koha